Guess the singer - B - Statistics

General Stats
  • This quiz has been taken 189 times
  • The average score is 15 of 30
Answer Stats
Hint Answer % Correct
Livin' on a Prayer Bon Jovi
87%
Toxic Britney Spears
86%
Hey Jude The Beatles
86%
I Want It That Way Backstreet Boys
82%
Bad Guy Billie Eilish
78%
Stayin' Alive The Bee Gees
78%
Crazy in Love Beyoncé
74%
Born in the USA Bruce Springsteen
74%
Grenade Bruno Mars
74%
Piano Man Billy Joel
73%
I Gotta Feeling Black Eyed Peas
73%
Summer of '69 Bryan Adams
55%
Total Eclipse of the Heart Bonnie Tyler
54%
Achy Breaky Heart Billy Ray Cyrus
53%
Like a Rolling Stone Bob Dylan
49%
Dynamite BTS
47%
Love Shack The B-52's
44%
All the Small Things Blink-182
43%
White Wedding Billy Idol
42%
Call Me Blondie
42%
Iron Man Black Sabbath
40%
Fight For Your Right Beastie Boys
38%
More Than a Feeling Boston
38%
How You Like That Blackpink
34%
Skinny Love Birdy
21%
Night Moves Bob Seger
21%
It's Oh So Quiet Björk
19%
death bed beabadoobee
16%
I'll Make Love to You Boys II Men
14%
Don't Bryson Tiller
8%
No matching quizzes found
Score Distribution
Percent of People with Each Score
Percentile by Number Answered
Your Score History
You have not taken this quiz